000 00421nam a2200181Ia 4500
008 210210b1947 xxu||||| |||| 00| 0 eng d
041 _aeng
082 _a320/610
100 _aWARREN (J H)
245 _aEnglish local government system
260 _a
_bNot Mentioned
_c1947
650 _asystem
650 _alocal
650 _agovernment
650 _aEnglish
690 _aPolitical Science
906 _a003243
999 _c118580
_d118580